00773nam a2200229 a 450000100060000000300080000600500170001400800410003103500190007204000270009104100080011808200240012610000390015024500600018926000450024930000260029450400300032065000320035094200120038299900170039495201320041157598BD-RjUL20211209080531.0161210s1968 mau b 000 0 eng  a(BD-RjUL)57722 aDLCcDLCdBD-RjULbeng aeng00a511.8223bRAL 19681 aRashevsky, Nicolas,d1899-917102510aLooking at history through mathematics /cN. Rashevsky. aCambridge, Mass. :bM.I.T. Press, c1968 axvi, 199 p. ;c21 cm. aBibliography: p. 180-183. 0aMathematical models9171026 2ddccBK c57598d57598 00102ddc40718NFICaRUCLbRUCLcReadingd1971-02-03eZeitlingerl0o511.8 RAL 1968r2016-12-10 00:00:00tC-1w2016-12-10yBK